El Criterio

Texto filosófico que establece una serie de principios y normativas epistemológicas para dirigir el pensamiento por el camino “correcto”. Su objetivo es meramente metodológico para ejercitar la actividad intelectual, cómo pensar bien. Los principales temas que se desarrollan son la lógica acorde con...

Description complète

Enregistré dans:
Détails bibliographiques
Auteur principal: Balmes, Jaime L.
Format: Livre
Langue:Undetermined
Publié: Buenos Aires, Argentina Editorial Difusión 1952
Édition:2
Sujets:
Tags: Ajouter un tag
Pas de tags, Soyez le premier à ajouter un tag!

MARC

LEADER 00000nam a2200000Ia 4500
008 170316s9999 xx 000 0 und d
040 |a cru BVZT 
090 |a 100 B-6c 
100 |a Balmes, Jaime L.  |9 1566 
245 |a El Criterio  |c /Jaime L. Balmes 
250 |a 2 
260 |a Buenos Aires, Argentina  |b Editorial Difusión  |c 1952 
300 |a 311 páginas 
520 |a Texto filosófico que establece una serie de principios y normativas epistemológicas para dirigir el pensamiento por el camino “correcto”. Su objetivo es meramente metodológico para ejercitar la actividad intelectual, cómo pensar bien. Los principales temas que se desarrollan son la lógica acorde con la claridad, de la autoridad humana en general, la historia, el raciocinio, la enseñanza, el entendimiento, el corazón y la imaginación, la religión y finalmente, el entendimiento práctico. 
650 |a FILOSOFÍA  |9 5 
999 |c 15799  |d 15799 
942 |c 15 D  |h 100 B-6c  |2 z